An AI-Driven Fraud Detection Model for Telecommunication Networks in Zambia/ (Record no. 2620)

MARC details
000 -LEADER
fixed length control field 00497nam a22001457a 4500
003 - CONTROL NUMBER IDENTIFIER
control field OSt
005 - DATE AND TIME OF LATEST TRANSACTION
control field 20260602072703.0
008 - FIXED-LENGTH DATA ELEMENTS--GENERAL INFORMATION
fixed length control field 260602b |||||||| |||| 00| 0 eng d
040 ## - CATALOGING SOURCE
Transcribing agency KMU
100 ## - MAIN ENTRY--PERSONAL NAME
Personal name Chiwala, Ronald; Mwelwa, Emmanuel;
Relator term Cyber Security
245 ## - TITLE STATEMENT
Title An AI-Driven Fraud Detection Model for Telecommunication Networks in Zambia/
Statement of responsibility, etc. Ronald Chiwala and Emmanuel Mwelwa
260 ## - PUBLICATION, DISTRIBUTION, ETC.
Place of publication, distribution, etc. Chinsali:
Name of publisher, distributor, etc. Kapasa Makasa University,
Date of publication, distribution, etc. 2025.
300 ## - PHYSICAL DESCRIPTION
Extent 49 pages:
Other physical details Illustrations;
Dimensions 30cm
942 ## - ADDED ENTRY ELEMENTS (KOHA)
Koha item type Student Project Report
Suppress in OPAC No
Holdings
Withdrawn status Lost status Damaged status Not for loan Collection Home library Current library Shelving location Date acquired Total Checkouts Date last seen Price effective from Koha item type
        Reference Kapasa Makasa University Kapasa Makasa University Reference 02.06.2026   02.06.2026 02.06.2026 Student Project Report